| 000 | 00881cab a2200229 4500 | ||
|---|---|---|---|
| 001 | ABS67516 | ||
| 008 | 040304n2004 000 0 eng u | ||
| 035 | _a(Sirsi) u125322 | ||
| 100 | _aCruickshank, J. | ||
| 245 | _aFlooding | ||
| 260 | _c2004 | ||
| 490 |
_aNew Civil Engineer _v(1518) 12 February 2004, 23-28(4) |
||
| 520 | _aTwo articles on flooding. The first examines the flood alleviation scheme proposed to resolve centuries-old problems with flooding in Moray, Scotland. The second article looks at how high water flows are helping to reduce flood risk on the Somerset Levels, particularly on the River Parrett. | ||
| 590 | _aABS | ||
| 650 | _aFLOODING | ||
| 650 | _aFLOOD MANAGEMENT | ||
| 650 | _aFLOOD RISK AREAS | ||
| 650 | _aFLOOD DEFENCES | ||
| 690 | _aENVIRONMENTAL AND LAND CONSULTANCY-ENVIRONMENTAL MANAGEMENT | ||
| 700 | _aGreeman, A. | ||
| 942 | _n0 | ||
| 999 |
_c74229 _d74229 |
||